1479 1132 1234 1053 1438 1934 1528 1180 1904 1943 1952 1291 1135 1864 1707 1478 1701 1954 1983 1189 1888 1036 1048 1881 1131 1983 1323 1772 1589 1569 1884 1481 1657 1520 1443 1059 1832 1746 1313 1832 1449 1527 1087 1230 1935 1973 1846 1403 1889 1142 1632 1662 1297 1344 1034 1054 1990 1255 1881 1755 1285 1633 1179 1633 1960 1400 1977 1055 1470 1885 1575 1988 1521 1643 1729 1216 1123 1144 1887 1371 1553 1437 1833 1803 1892 1807 1626 1031 1037 1549 1070 1779 1616 1497 1701 1347 1639 1782 1276 BCNSPRNW ULIB Ver.6.0+V

เปลี่ยนเป็นภาษาไทย

Change to English
 แสดงรายละเอียดบรรณานุกรม
  กลับหน้าหลัก

Brief Record : Get Marc (ISO 2709) : E-mail record : QR code < ปิดหน้าต่าง
LEADER : 00000nam 2200000uu 4500
001    13399127184
003     ULIB
008    191021s2562||||th 000 0 tha d
020 ^- ^a9786167735993
050 ^- ^aนว.^bพ119ป
100 0^ aพงศกร.
245 10 ^aเปลวกนก ชุดคุณหญิงยอดนักสืบ /^cพงศกร.
250 ^- ^aพิมพ์ครั้งที่ 1.
260 ^- ^aกรุงเทพฯ :^bกรู๊ฟ พับลิชชิ่ง,^c2562
300 ^- ^a395 หน้า.
945    ^p340^l0^i27876
999    ^aกัณชพร จุลอักษร
รายการนี้ยังไม่มีแท็ก
คุณยังไม่ได้ล็อกอิน คุณสามารถมีกิจกรรมร่วมกับเว็บไซต์ได้ แต่ต้องล็อกอินก่อน ::
  ล็อกอิน

รายการสื่อสารสนเทศ

ลำดับที่ ประเภท เลขเรียก/บาร์โค้ด สถานที่ สถานะ
1. วิทยาศาสตร์การแพทย์ และสุขภาพ
วิทยาศาสตร์การแพทย์ และสุขภาพ
นว. พ119ป ฉ.1 
  Barcode: 27876
ห้องสมุดวิทยาเขตนครสวรรค์
►นวนิยาย:l:Fiction
ถูกยืม กำหนดส่งวันที่ 26 มิถุนายน 2568
  จอง

BibComment


ยังไม่เคยถูกคอมเมนท์

คอมเมนท์ทรัพยากรรายการนี้
  คอมเมนท์: เปลวกนก ชุดคุณหญ..


 Copyright 2026. Bcnsprnw @Library